000 00574nam a22001817a 4500
999 _c57237
_d57237
003 Ge_BSU
005 20200127110111.0
008 200127s2007 ge ||||| |||| 00| 0 geo d
041 _ageo
080 _a342.726-053.2 ბ-16
245 _aბავშვის უფლებათა კონვენცია
264 _aთბილისი,
_c2007.
300 _a48 გვ. ;
_c21 სმ.
653 _aსამართალი
653 _aბავშვის უფლებათა კონვენცია
653 _aUNICEF
942 _2udc
_cBK